• 首页
  • 本馆介绍
  • 公告通知
  • 最新文献
  • 馆藏检索
  • 电子资源
  • 读者导购
  • 参考咨询
  • 我的图书馆
  • 登录
  • 详细信息显示
  • 放入我的书架
  • 预约/预借图书
  • 作者相关作品
  • 分类相关作品
  • 丛书相关作品
  • 出版社相关作品

书目信息

  • 表格格式
  • 工作单格式
  • 卡片格式
题名:
分形对象—形、机遇和维数
    
 
作者: 曼德尔布洛特 著 ;文志英 , 苏虹 译
分册:  
出版信息: 北京   世界图书出版公司  1999.12
页数: 195页
开本: 32开
丛书名:
单 册:
中图分类: O189.3
科图分类:
主题词: 分形几何--基本知识
电子资源:
ISBN: 7-5062-4250-8
000 00728nam0 2200229 45
001 0209171530
005 20031219104057.3
010    @a7-5062-4250-8@dCNY15.00
100    @a20020917d1999 km y0chiy0120 ea
101 0  @achi@cfre
102    @aCN@b130000
105    @a z 000yy
200 1  @a分形对象—形、机遇和维数@AFen Xing Dui Xiang—Xing、Ji Yu He Wei Shu@f(法)曼德尔布洛特著@F(Fa)Man De Er Bu Luo Te Zhu@g文志英,苏虹译
210    @a北京@c世界图书出版公司@d1999.12
215    @a195页@d32开
606 0  @a分形几何@x基本知识
690    @aO189.3@v4
701    @a曼德尔布洛特@4著
702  0 @a文志英@AWen Zhi Ying@4译
702  0 @a苏虹@ASu Hong@4译
801    @aCN@bTSTC@c20020917
905    @b314408-412@dO189.3@e29@f5
    
    分形对象—形、机遇和维数/(法)曼德尔布洛特著/文志英,苏虹译.-北京:世界图书出版公司,1999.12
    195页;32开
    
    
    ISBN 7-5062-4250-8:CNY15.00
    
●
相关链接 在E读中查询图书 在五车中查询图书 在当当中查询图书 在豆瓣中查询图书


正题名:分形对象—形、机遇和维数     索取号:O189.3/29         预约/预借

序号 登录号 条形码 馆藏地/架位号 状态 备注
1 0314408   203144089   第三借阅区/ [索取号:O189.3/29] 在馆    
2 0314409   203144098   第三借阅区/ [索取号:O189.3/29] 在馆    
3 0314410   203144105   第三借阅区/ [索取号:O189.3/29] 在馆    
4 0314411   203144114   第三借阅区/ [索取号:O189.3/29] 在馆    
5 0314412   203144123   第二样本阅览室/ [索取号:O189.3/29] 在馆    
唐山师范学院图书馆 欢迎您!
大连网信软件有限公司© 版权所有